[Event "East Detroit (MCO/2)"]
[Site "?"]
[Date "1983.??.??"]
[Round "?"]
[White "Morris, Jason"]
[Black "Ward, Tim"]
[Result "0-1"]
[WhiteElo "1605"]
[BlackElo "1900"]
[PlyCount "74"]
[EventDate "1983.??.??"]

1. e4 e6 2. d4 d5 3. Nc3 Nf6 4. e5 Nfd7 5. Qg4 c5 6. Nf3 Nc6 7. dxc5 Ndxe5 8.
Nxe5 Nxe5 9. Qg3 Ng6 10. h4 h5 11. Bd3 Qf6 12. Nb5 Qe5+ 13. Qxe5 Nxe5 14. Nc7+
Kd7 15. Nxa8 Nxd3+ 16. cxd3 Bxc5 17. Be3 d4 18. Rc1 Bb4+ 19. Bd2 Bd6 20. Ke2 b6
21. f3 Bb7 22. Nxb6+ axb6 23. Rc2 Re8 24. Rhc1 e5 25. a4 f5 26. Kf2 e4 27. dxe4
fxe4 28. fxe4 Rxe4 29. Bg5 d3 30. Rc4 Re2+ 31. Kg1 d2 32. Bxd2 Rxg2+ 33. Kf1
Rxd2 34. R4c2 Rd4 35. Rf2 Ba6+ 36. Kg1 Bc5 37. Rf7+ Ke6 0-1

[Event "East Detroit (MCO/6)"]
[Site "?"]
[Date "1983.??.??"]
[Round "?"]
[White "Morris, Jason"]
[Black "Harma, K.."]
[Result "1/2-1/2"]
[WhiteElo "1605"]
[BlackElo "1780"]
[PlyCount "81"]
[EventDate "1983.??.??"]

1. e4 e6 2. d4 d5 3. exd5 exd5 4. Bd3 Bb4+ 5. c3 Bd6 6. Nf3 Bg4 7. O-O Nc6 8.
Re1+ Nge7 9. Nbd2 Qd7 10. Qc2 O-O-O 11. h3 Bf5 12. b4 Bxd3 13. Qxd3 h6 14. a4
g5 15. b5 Na5 16. Ba3 Bxa3 17. Rxa3 Ng6 18. Ne5 Qe7 19. Raa1 Nf4 20. Qf5+ Kb8
21. Nc6+ Nxc6 22. Rxe7 Nxe7 23. Qxf7 Ne2+ 24. Kf1 Ng3+ 25. Kg1 Ne2+ 26. Kh2 Nc8
27. Nf3 Nxc3 28. Rc1 Nd6 29. Qg7 Rdg8 30. Qxg8+ Rxg8 31. Rxc3 Ne4 32. Rc2 Rf8
33. Ne5 Rxf2 34. Rxf2 Nxf2 35. Nf7 g4 36. Kg3 gxh3 37. gxh3 Ne4+ 38. Kf4 h5 39.
Ng5 Nc3 40. Ne6 Nxa4 41. Kg5 1/2-1/2

[Event "East Detroit (MCO/3)"]
[Site "?"]
[Date "1983.??.??"]
[Round "?"]
[White "Morris, Jason"]
[Black "Decker, Dale"]
[Result "0-1"]
[WhiteElo "1605"]
[BlackElo "1815"]
[PlyCount "38"]
[EventDate "1983.??.??"]

1. e4 d6 2. d4 Nf6 3. Nc3 g6 4. f3 Bg7 5. Be3 O-O 6. Bc4 c6 7. Nge2 b5 8. Bb3
a5 9. a4 Bd7 10. Qd2 Na6 11. O-O-O Rb8 12. g4 bxa4 13. Nxa4 c5 14. dxc5 Bxa4
15. Bxa4 Nxe4 16. Qd3 Bxb2+ 17. Kb1 Nexc5 18. Bxc5 Nxc5 19. Qc4 Rb4 0-1

[Event "East Detroit (MCO/5)"]
[Site "?"]
[Date "1983.??.??"]
[Round "?"]
[White "Morris, Jason"]
[Black "Cyrul, R.."]
[Result "1-0"]
[WhiteElo "1605"]
[BlackElo "1605"]
[PlyCount "49"]
[EventDate "1983.??.??"]

1. e4 e5 2. Nf3 Nc6 3. Bb5 a6 4. Bxc6 dxc6 5. O-O Bd6 6. d4 Qe7 7. dxe5 Bxe5 8.
Nxe5 Qxe5 9. Nc3 Nf6 10. h3 O-O 11. Qf3 Be6 12. Bf4 Qa5 13. Rfd1 Rad8 14. Rxd8
Rxd8 15. Rd1 Rxd1+ 16. Qxd1 h6 17. Qd8+ Kh7 18. Qxc7 Qb4 19. Bc1 Bxa2 20. Nxa2
Qe1+ 21. Kh2 Qxf2 22. c3 Nxe4 23. Qf4 Qe1 24. Qe3 Nd2 25. Qxe1 1-0

[Event "East Detroit (MCO/1)"]
[Site "?"]
[Date "1983.??.??"]
[Round "?"]
[White "Morneau, F.."]
[Black "Pollock, A.."]
[Result "1-0"]
[WhiteElo "1655"]
[BlackElo "1605"]
[PlyCount "75"]
[EventDate "1983.??.??"]

1. e4 e5 2. Nf3 Nc6 3. Bb5 a6 4. Ba4 Nf6 5. O-O Be7 6. Re1 b5 7. Bb3 O-O 8. c3
d6 9. d4 Bg4 10. d5 Na5 11. Bc2 c5 12. Nbd2 Qc7 13. Nf1 Nb7 14. Ng3 g6 15. h3
Bd7 16. Bg5 Rac8 17. Qd2 Bxh3 18. gxh3 Ne8 19. Bh6 Ng7 20. Kg2 f6 21. Rac1 Nd8
22. Bd1 c4 23. h4 Nf7 24. h5 g5 25. Bxg7 Kxg7 26. Nf5+ Kh8 27. h6 Rg8 28. Nh2
Bf8 29. Ng4 Qd8 30. Qe3 Rg6 31. Rh1 Qd7 32. Qb6 Bxh6 33. Ngxh6 Nxh6 34. Rxh6
Rxh6 35. Nxh6 Kg7 36. Nf5+ Kg6 37. Qxd6 Qa7 38. Ne7+ 1-0

[Event "East Detroit (MCO/5)"]
[Site "?"]
[Date "1983.??.??"]
[Round "?"]
[White "Morneau, F.."]
[Black "Jackson, J.."]
[Result "1/2-1/2"]
[WhiteElo "1655"]
[BlackElo "1840"]
[PlyCount "119"]
[EventDate "1983.??.??"]

1. e4 c5 2. Nf3 d6 3. d4 cxd4 4. Nxd4 Nf6 5. Nc3 g6 6. Be3 Bg7 7. Qd2 Nc6 8. f3
O-O 9. O-O-O Bd7 10. Bc4 Qa5 11. h4 Rfc8 12. Bb3 Ne5 13. g4 Nc4 14. Bxc4 Rxc4
15. Nb3 Qc7 16. e5 Ne8 17. Nd5 Qd8 18. Bg5 f6 19. exf6 exf6 20. Bh6 Rac8 21. c3
Be6 22. Bxg7 Kxg7 23. Rhe1 Bxd5 24. Qxd5 Qc7 25. Re3 Qf7 26. Qxf7+ Kxf7 27.
Rde1 R4c7 28. f4 Ng7 29. Nd4 a6 30. Ne6 Nxe6 31. Rxe6 Rd7 32. g5 f5 33. Rf6+
Kg7 34. Ree6 Rc4 35. Rxd6 Rdc7 36. h5 gxh5 37. Rxf5 b5 38. Rxa6 b4 39. Ra4 bxc3
40. Rxc4 cxb2+ 41. Kxb2 Rxc4 42. Rf6 h4 43. Kb3 Re4 44. a4 h3 45. Rh6 Rxf4 46.
Rxh3 Rg4 47. Rh5 Kg6 48. Rh6+ Kg7 49. a5 Rxg5 50. Ra6 h5 51. Ra7+ Kg6 52. a6
Ra5 53. Kb4 Ra1 54. Kb5 h4 55. Ra8 Kg5 56. a7 h3 57. Rg8+ Kf4 58. a8=Q Rxa8 59.
Rxa8 h2 60. Rh8 1/2-1/2

[Event "East Detroit (MCO/3)"]
[Site "?"]
[Date "1983.??.??"]
[Round "?"]
[White "Morneau, F.."]
[Black "Brooks, John"]
[Result "0-1"]
[WhiteElo "1655"]
[BlackElo "2150"]
[PlyCount "102"]
[EventDate "1983.??.??"]

1. e4 Nf6 2. e5 Nd5 3. c4 Nb6 4. d4 d6 5. Nf3 Bg4 6. exd6 cxd6 7. b3 g6 8. Bb2
Bg7 9. Be2 O-O 10. O-O Nc6 11. h3 Bxf3 12. Bxf3 e6 13. Qd2 d5 14. c5 Nd7 15. b4
Qh4 16. Rd1 Bh6 17. Qe1 Bg7 18. Qd2 a6 19. a4 Qf6 20. Na3 Rfc8 21. Rab1 Ne7 22.
Nc2 b6 23. b5 axb5 24. axb5 Qh4 25. c6 Nf6 26. Ba3 Nf5 27. Bc1 Ra2 28. Qd3 Nd6
29. g3 Qxh3 30. Bg2 Qh5 31. Bf3 Ng4 32. Bxg4 Qxg4 33. Bf4 Nc4 34. Ne3 Qf3 35.
Qf1 Nxe3 36. Bxe3 e5 37. dxe5 Bxe5 38. Qg2 Qe2 39. Re1 Qc4 40. Bxb6 Bc3 41.
Red1 d4 42. Qe4 Re2 43. Qf4 Rce8 44. Qd6 R2e5 45. Qd7 R5e7 46. Qd6 Re6 47. Qc5
Qe2 48. Qd5 Re5 49. Qd7 Qf3 50. Bxd4 Bxd4 51. Qxd4 Rh5 0-1

[Event "East Detroit (MCO/3)"]
[Site "?"]
[Date "1983.??.??"]
[Round "?"]
[White "Molenda, E.."]
[Black "Choyke, J.."]
[Result "0-1"]
[WhiteElo "1625"]
[BlackElo "1605"]
[PlyCount "42"]
[EventDate "1983.??.??"]

1. b4 Nf6 2. Bb2 e6 3. a3 b6 4. e3 Bb7 5. Nf3 d5 6. c4 Nbd7 7. d4 c5 8. bxc5
bxc5 9. Nc3 cxd4 10. exd4 dxc4 11. Bxc4 Rc8 12. Bb5 a6 13. Ba4 Be7 14. Ne5 O-O
15. O-O Nxe5 16. dxe5 Qxd1 17. Rfxd1 Nd5 18. Nxd5 Bxd5 19. Rdc1 Rxc1+ 20. Rxc1
Rb8 21. h3 Rxb2 0-1

[Event "East Detroit (MCO/1)"]
[Site "?"]
[Date "1983.??.??"]
[Round "?"]
[White "Mazuchowski, Tom"]
[Black "Williams, N.."]
[Result "1-0"]
[WhiteElo "2155"]
[BlackElo "1670"]
[PlyCount "59"]
[EventDate "1983.??.??"]

1. e4 c5 2. f4 d6 3. d3 Nc6 4. c3 a6 5. Be3 Nf6 6. Be2 e6 7. Nh3 Qc7 8. Nf2 Be7
9. Na3 Rb8 10. g4 d5 11. e5 Nxe5 12. fxe5 Qxe5 13. Qd2 Qc7 14. Nc2 b5 15. g5
Nd7 16. d4 Nb6 17. Bf4 Bd6 18. Bxd6 Qxd6 19. dxc5 Qxc5 20. Qd4 Qf8 21. Qe5 Nd7
22. Qe3 Bb7 23. Bf3 Qe7 24. O-O-O Rc8 25. Kb1 Nc5 26. Rhe1 Ne4 27. Bxe4 dxe4
28. h4 h6 29. Nxe4 hxg5 30. Nd6+ 1-0

[Event "East Detroit (MCO/3)"]
[Site "?"]
[Date "1983.??.??"]
[Round "?"]
[White "Mazuchowski, Tom"]
[Black "Ward, Tim"]
[Result "1-0"]
[WhiteElo "2155"]
[BlackElo "1900"]
[PlyCount "79"]
[EventDate "1983.??.??"]

1. e4 e6 2. Qe2 Be7 3. b3 e5 4. Bb2 Nc6 5. Nf3 d6 6. g3 Nf6 7. Bg2 a6 8. d3 Bg4
9. h3 Bh5 10. g4 Bg6 11. Nbd2 Qd7 12. a4 O-O-O 13. Nc4 Qe8 14. Bc3 d5 15. Ncxe5
dxe4 16. Nxg6 exf3 17. Nxe7+ Nxe7 18. Bxf3 Ned5 19. Qxe8 Rhxe8+ 20. Kd2 Nxc3
21. Kxc3 Nd5+ 22. Kd2 Nf4 23. h4 Rd4 24. Rae1 Ne6 25. Be4 c6 26. c3 Rd6 27. Bf5
Red8 28. Rh3 Kc7 29. Bxe6 Rxe6 30. Rxe6 fxe6 31. Rf3 Rd7 32. Ke3 Kd6 33. g5 b6
34. h5 Ke7 35. g6 hxg6 36. hxg6 Ke8 37. Ke4 Ke7 38. Rf7+ Kd6 39. Rxd7+ Kxd7 40.
Ke5 1-0

[Event "Southfield (MEX/1)"]
[Site "?"]
[Date "1983.??.??"]
[Round "?"]
[White "Mazuchowski, Tom"]
[Black "Thomas, Carlton"]
[Result "1-0"]
[WhiteElo "2190"]
[BlackElo "2050"]
[PlyCount "88"]
[EventDate "1983.??.??"]

1. e4 e6 2. Qe2 b6 3. f4 Bb7 4. Nf3 Nf6 5. d3 d6 6. g3 Be7 7. Bg2 O-O 8. O-O
Nbd7 9. c4 e5 10. f5 a5 11. Nc3 Nc5 12. b3 Re8 13. h3 Bf8 14. Bg5 h6 15. Bh4
Be7 16. g4 Nh7 17. Bf2 Nd7 18. Be3 Bf6 19. Qf2 Nc5 20. Rad1 Ng5 21. Ne1 Nh7 22.
Nf3 Ng5 23. Ne2 Nxf3+ 24. Qxf3 Bg5 25. Bf2 Nd7 26. Qg3 Bf6 27. Bf3 Nf8 28. Kg2
Nh7 29. h4 Be7 30. Rh1 f6 31. Be3 Bf8 32. Rdg1 Qe7 33. Kf2 Qd7 34. g5 fxg5 35.
hxg5 hxg5 36. Bh5 Nf6 37. Bg6 Bxe4 38. Qh3 Bxh1 39. Rxh1 Qxf5+ 40. Qxf5 e4 41.
d4 g4 42. Nf4 c5 43. Nd5 cxd4 44. Nxf6+ gxf6 1-0

[Event "Southfield (MEX/3)"]
[Site "?"]
[Date "1983.??.??"]
[Round "?"]
[White "Mazuchowski, Tom"]
[Black "Poschel, Paul"]
[Result "1/2-1/2"]
[WhiteElo "2190"]
[BlackElo "2260"]
[PlyCount "50"]
[EventDate "1983.??.??"]

1. e4 c5 2. f4 Nc6 3. Nf3 e6 4. Qe2 Nf6 5. d3 d5 6. e5 Ng8 7. c3 Nge7 8. g3 Nf5
9. Na3 h5 10. Bg2 Be7 11. Nc2 b6 12. Be3 Ba6 13. Bf2 Qd7 14. Rc1 O-O-O 15. b4
cxb4 16. cxb4 Kb8 17. Rb1 Bb5 18. Qd2 Rc8 19. O-O Ba4 20. Rfc1 Rc7 21. b5 Na5
22. Ncd4 Nxd4 23. Nxd4 Rxc1+ 24. Qxc1 Rc8 25. Qb2 Kb7 1/2-1/2

[Event "East Detroit (MCO/5)"]
[Site "?"]
[Date "1983.??.??"]
[Round "?"]
[White "Mazuchowski, Tom"]
[Black "Kulbacki, James"]
[Result "1/2-1/2"]
[WhiteElo "2155"]
[BlackElo "1945"]
[PlyCount "133"]
[EventDate "1983.??.??"]

1. Nf3 Nf6 2. g3 d5 3. Bg2 Bf5 4. d3 c6 5. Nbd2 h6 6. O-O e6 7. b3 Be7 8. Bb2
Nbd7 9. Nh4 Bh7 10. e4 Qc7 11. Qe2 O-O 12. e5 Ne8 13. Nhf3 c5 14. Rfe1 b5 15.
c4 bxc4 16. bxc4 Rb8 17. Nf1 dxc4 18. dxc4 Nb6 19. Bc1 Qd7 20. Rd1 Qa4 21. Ne3
Nc7 22. Bd2 Rfd8 23. Be1 Na6 24. Rd2 Nb4 25. Qd1 Rxd2 26. Qxa4 Nxa4 27. Nxd2
Nd3 28. Nb3 Nxe5 29. Ba5 Bf6 30. Bc7 Rc8 31. Bxe5 Bxe5 32. Rd1 Nc3 33. Rd7 Nxa2
34. Rxa7 Nc3 35. Nxc5 Bd4 36. Ra3 Nb1 37. Ra5 Bxc5 38. Bb7 Bb6 39. Rb5 Rb8 40.
Rxb6 Be4 41. Bxe4 Rxb6 42. c5 Rb8 43. Nc4 Nc3 44. Bf3 Rb5 45. c6 Rc5 46. Nb6
Nd5 47. Bxd5 exd5 48. c7 Rxc7 49. Nxd5 Rc2 50. h4 h5 51. Kg2 f6 52. Nf4 Rc5 53.
Nd3 Rb5 54. Nf4 Kf7 55. Kf3 g6 56. Kg2 Kg7 57. Ne2 Rb4 58. Nf4 g5 59. hxg5 fxg5
60. Nxh5+ Kg6 61. g4 Rxg4+ 62. Ng3 Kf6 63. f3 Ra4 64. Ne4+ Kf5 65. Nf2 Ra2 66.
Kg3 Ra1 67. Nh3 1/2-1/2

[Event "Southfield (MEX/5)"]
[Site "?"]
[Date "1983.??.??"]
[Round "?"]
[White "Mazuchowski, Tom"]
[Black "Gregor, P.."]
[Result "0-1"]
[WhiteElo "2190"]
[BlackElo "2195"]
[PlyCount "106"]
[EventDate "1983.??.??"]

1. e4 e5 2. Nf3 Nc6 3. Nc3 g6 4. d4 exd4 5. Nxd4 Bg7 6. Be3 Nge7 7. Be2 O-O 8.
O-O d6 9. Qd2 f5 10. Bc4+ Kh8 11. Ne6 Bxe6 12. Bxe6 fxe4 13. Nxe4 Nf5 14. Bxf5
Rxf5 15. c3 Qg8 16. Ng3 Rd5 17. Qe2 Re8 18. c4 Rde5 19. Rad1 Qf7 20. b3 R5e6
21. Qd2 b6 22. Bh6 Bxh6 23. Qxh6 Ne7 24. Qd2 Nf5 25. Rfe1 Nxg3 26. hxg3 Qe7 27.
Qd4+ Kg8 28. Qd5 Kg7 29. Rxe6 Qxe6 30. Qxe6 Rxe6 31. Kf1 Kf6 32. g4 c6 33. f3
a6 34. Kf2 g5 35. a4 Ke7 36. g3 Re5 37. Rh1 d5 38. Rxh7+ Kd6 39. cxd5 cxd5 40.
b4 d4 41. f4 Re8 42. Rh6+ Kd5 43. Rg6 gxf4 44. gxf4 d3 45. Rh6 d2 46. Rh1 Re4
47. Rd1 Rxf4+ 48. Kg3 Rd4 49. Kf3 Kc4 50. g5 Kc3 51. Ke3 Rd6 52. b5 axb5 53.
axb5 Kc2 0-1

[Event "East Detroit (MCO/2)"]
[Site "?"]
[Date "1983.??.??"]
[Round "?"]
[White "Matias, I.C.."]
[Black "Srikantia, S.."]
[Result "1-0"]
[WhiteElo "1650"]
[BlackElo "1965"]
[PlyCount "85"]
[EventDate "1983.??.??"]

1. d4 Nf6 2. c4 e6 3. Nc3 Bb4 4. a3 Bxc3+ 5. bxc3 c5 6. Nf3 O-O 7. Qc2 Nc6 8.
e3 Qe7 9. Be2 e5 10. d5 Nb8 11. e4 h6 12. O-O d6 13. a4 Bg4 14. h3 Bh5 15. Rb1
Nxe4 16. Qxe4 Bg6 17. Qg4 h5 18. Qg5 Qxg5 19. Bxg5 Bxb1 20. Rxb1 f6 21. Bd2 Nd7
22. Rxb7 Nb6 23. a5 Rfb8 24. Rxb8+ Rxb8 25. axb6 Rxb6 26. Bd3 g5 27. Kf1 Ra6
28. Ke2 Ra1 29. Ne1 a5 30. Nc2 Rb1 31. Na3 Ra1 32. Nc2 Rb1 33. Na3 Ra1 34. Nb1
Ra2 35. Kd1 Rb2 36. Kc1 Ra2 37. Bc2 a4 38. Kd1 h4 39. g3 a3 40. Nxa3 Rxc2 41.
Nxc2 g4 42. Ne3 f5 43. hxg4 1-0

[Event "East Detroit (MCO/3)"]
[Site "?"]
[Date "1983.??.??"]
[Round "?"]
[White "Matias, I.C.."]
[Black "Kell, M.."]
[Result "1-0"]
[WhiteElo "1650"]
[BlackElo "2010"]
[PlyCount "63"]
[EventDate "1983.??.??"]

1. d4 Nf6 2. c4 e6 3. Nc3 Bb4 4. a3 Bxc3+ 5. bxc3 c5 6. e3 Nc6 7. Bd3 d6 8. Ne2
e5 9. e4 h6 10. O-O O-O 11. h3 Nd7 12. d5 Ne7 13. Ng3 Kh7 14. f4 Nf6 15. fxe5
dxe5 16. Be3 b6 17. Qd2 Ne8 18. Rf3 Nd6 19. Raf1 Ng8 20. Nh5 f6 21. g4 Ba6 22.
g5 hxg5 23. Bxg5 Qe7 24. Qf2 Nf7 25. Nxf6+ gxf6 26. Bxf6 Nxf6 27. Rxf6 Rg8+ 28.
Kh2 Nh6 29. Qh4 Qg7 30. Rf7 Rab8 31. Rxg7+ Rxg7 32. Rf6 1-0

[Event "East Detroit (MCO/5)"]
[Site "?"]
[Date "1983.??.??"]
[Round "?"]
[White "Matias, I.C.."]
[Black "Bohley, D.."]
[Result "1/2-1/2"]
[WhiteElo "1650"]
[BlackElo "2015"]
[PlyCount "46"]
[EventDate "1983.??.??"]

1. d4 d5 2. c4 dxc4 3. Nf3 Nf6 4. e3 g6 5. Bxc4 Bg7 6. Nc3 O-O 7. O-O Nc6 8. a3
Bg4 9. h3 Bxf3 10. Qxf3 e5 11. d5 Na5 12. Ba2 c6 13. e4 cxd5 14. Nxd5 Nxd5 15.
Bxd5 Rc8 16. b4 Nc6 17. Qd3 Qe7 18. Be3 Nd4 19. Rac1 b6 20. f4 Rxc1 21. Rxc1
Ne6 22. Bxe6 fxe6 23. fxe5 Bxe5 1/2-1/2

[Event "East Detroit (MCO/4)"]
[Site "?"]
[Date "1983.??.??"]
[Round "?"]
[White "Massengale, J.."]
[Black "Richard, O.."]
[Result "0-1"]
[WhiteElo "1720"]
[BlackElo "1605"]
[PlyCount "108"]
[EventDate "1983.??.??"]

1. d4 d5 2. c4 dxc4 3. Nf3 Bf5 4. Nc3 e6 5. e3 Nf6 6. Bxc4 a6 7. a3 Bd6 8. Bd3
Bg4 9. h3 Bh5 10. g4 Bg6 11. Bxg6 hxg6 12. Ke2 Nc6 13. e4 Be7 14. g5 Nh5 15. e5
Qd7 16. Be3 O-O-O 17. b4 Na7 18. Qb3 Nb5 19. Rhd1 Qc6 20. Nxb5 Qxb5+ 21. Qd3
Qxd3+ 22. Rxd3 Rd5 23. Rc3 a5 24. Rac1 Bd8 25. Rb1 b6 26. b5 Kb7 27. Nd2 Be7
28. Ne4 f6 29. gxf6 gxf6 30. Rc6 fxe5 31. Nc3 Rd6 32. Rxd6 Bxd6 33. dxe5 Bxe5
34. Ne4 Nf6 35. Ng5 Nd5 36. Rc1 Nf4+ 37. Kf3 Nd5 38. Rc6 Bd6 39. Kg2 Nxe3+ 40.
fxe3 Bxa3 41. Rxe6 Bb2 42. Re4 Ra8 43. Ra4 c6 44. bxc6+ Kxc6 45. Ra2 Be5 46.
Nf3 Bf6 47. Nd2 b5 48. Kf3 b4 49. Ke2 Kb5 50. Kd3 a4 51. Kc2 b3+ 52. Nxb3 axb3+
53. Kxb3 Rxa2 54. Kxa2 Kc4 0-1

[Event "East Detroit (MCO/2)"]
[Site "?"]
[Date "1983.??.??"]
[Round "?"]
[White "Massengale, J.."]
[Black "Cyrul, R.."]
[Result "0-1"]
[WhiteElo "1720"]
[BlackElo "1605"]
[PlyCount "120"]
[EventDate "1983.??.??"]

1. d4 Nf6 2. c4 e6 3. Nf3 b6 4. g3 Ba6 5. e3 Be7 6. Qc2 c5 7. Nbd2 O-O 8. Bg2
Bb7 9. O-O d6 10. Re1 Nbd7 11. dxc5 Nxc5 12. b4 Ncd7 13. Bb2 Rc8 14. Qd3 d5 15.
a3 dxc4 16. Nxc4 Ba6 17. Nfe5 Nxe5 18. Qxd8 Rfxd8 19. Nxe5 Bb5 20. a4 Be8 21.
Bd4 Bxb4 22. Reb1 Bc5 23. Bb2 Nd5 24. a5 f6 25. Nf3 Bg6 26. Rc1 Nb4 27. Bf1 Nd3
28. Bxd3 Bxd3 29. axb6 Bxb6 30. Bd4 Rxc1+ 31. Rxc1 Bxd4 32. Nxd4 Re8 33. Nc6 a6
34. Ra1 Bb5 35. Nd4 e5 36. Nb3 Rc8 37. h4 Kf7 38. e4 Rc3 39. Nd2 Rc2 40. Nf3
Re2 41. Re1 Rxe1+ 42. Nxe1 a5 43. Nc2 a4 44. f3 Ke6 45. Kf2 g6 46. f4 Bd3 47.
Na3 Bxe4 48. Ke3 Bd5 49. fxe5 Kxe5 50. Kd3 g5 51. hxg5 fxg5 52. Ke3 h5 53. Nc2
h4 54. gxh4 gxh4 55. Kf2 h3 56. Kg3 Bg2 57. Nb4 a3 58. Na2 Kd5 59. Nb4+ Kc4 60.
Nc2 a2 0-1

[Event "East Detroit (MCO/5)"]
[Site "?"]
[Date "1983.??.??"]
[Round "?"]
[White "Massengale, J.."]
[Black "Choyke, J.."]
[Result "1-0"]
[WhiteElo "1720"]
[BlackElo "1605"]
[PlyCount "65"]
[EventDate "1983.??.??"]

1. d4 Nf6 2. c4 e6 3. Nf3 b6 4. a3 Bb7 5. e3 d5 6. Nbd2 Be7 7. Be2 O-O 8. O-O
Nbd7 9. b4 c5 10. dxc5 bxc5 11. bxc5 Bxc5 12. Bb2 Qc7 13. cxd5 Bxd5 14. Ne1
Rab8 15. Bc3 Rfc8 16. Bxf6 Nxf6 17. Bf3 Qe7 18. Nc2 Rd8 19. Qe2 Bxf3 20. Nxf3
Rb2 21. Qc4 Rbb8 22. Nfd4 Rdc8 23. Qd3 Bxd4 24. Nxd4 Qd7 25. Qe2 e5 26. Nf3 Qe7
27. Ra2 Rc3 28. a4 Ra3 29. Rfa1 Rxa2 30. Qxa2 Nd7 31. h3 a5 32. Qd5 Qd8 33. Rd1
1-0

[Event "Ann Arbor (MI Op/4)"]
[Site "?"]
[Date "1983.??.??"]
[Round "?"]
[White "Mason, D.."]
[Black "Youssef, I.."]
[Result "1/2-1/2"]
[WhiteElo "1880"]
[BlackElo "2025"]
[PlyCount "79"]
[EventDate "1983.??.??"]

1. d4 d5 2. c4 e6 3. g3 Nf6 4. Bg2 c6 5. Nf3 Bd6 6. b3 O-O 7. O-O a5 8. Ba3 b5
9. Bxd6 Qxd6 10. c5 Qe7 11. a3 Nbd7 12. b4 axb4 13. Qb3 bxa3 14. Nxa3 e5 15. e3
e4 16. Nd2 Ba6 17. Nc2 Rfb8 18. Rxa6 Rxa6 19. Nb4 Rba8 20. Nxa6 Rxa6 21. Qc3
Nb8 22. Ra1 Qa7 23. Nb3 Rxa1+ 24. Qxa1 Qa4 25. Qxa4 bxa4 26. Na1 Na6 27. Kf1
Nb4 28. Ke2 Kf8 29. h3 Nd7 30. Kd2 g5 31. Bf1 Nb8 32. Kc3 N8a6 33. Bxa6 Nxa6
34. Nc2 Ke7 35. Kb2 Kd7 36. Ka3 Kc7 37. Kxa4 Kb7 38. Ne1 Nc7 39. f4 f6 40. fxg5
1/2-1/2

[Event "Ann Arbor (MI Op/5)"]
[Site "?"]
[Date "1983.??.??"]
[Round "?"]
[White "Mason, D.."]
[Black "Maring, L.."]
[Result "1-0"]
[WhiteElo "1880"]
[BlackElo "2020"]
[PlyCount "123"]
[EventDate "1983.??.??"]

1. d4 d5 2. c4 e6 3. g3 Nf6 4. Bg2 c5 5. Nf3 Nc6 6. cxd5 exd5 7. dxc5 Bxc5 8.
O-O O-O 9. Qc2 Be7 10. Rd1 h6 11. Be3 Be6 12. Nc3 Rc8 13. Rac1 Qa5 14. Qa4 Qxa4
15. Nxa4 b6 16. Nc3 Rfd8 17. Nd4 Ne5 18. Rc2 Nc4 19. Bc1 a6 20. b3 Nd6 21. Ba3
Kf8 22. Rdc1 b5 23. e3 Nf5 24. Bxe7+ Nxe7 25. Nce2 Rxc2 26. Rxc2 Rc8 27. Rxc8+
Nxc8 28. Nf4 Ke7 29. Nfxe6 fxe6 30. Bh3 e5 31. Bxc8 exd4 32. Bxa6 b4 33. Bd3
dxe3 34. fxe3 Ng4 35. e4 d4 36. Kg2 Ne5 37. Be2 Kd6 38. Kf2 Kc5 39. Bd1 Kd6 40.
Be2 Nd7 41. Bf3 Ke5 42. Ke2 Nc5 43. Bg2 g5 44. Kd2 g4 45. Kc2 Nxe4 46. Kd3 Nc5+
47. Kc4 d3 48. Bf1 d2 49. Be2 Ne4 50. Bxg4 Nc3 51. Kd3 d1=Q+ 52. Bxd1 Nxd1 53.
Kc4 Ne3+ 54. Kxb4 Nf1 55. Kc5 Nxh2 56. a4 Nf1 57. a5 Nxg3 58. a6 Ne4+ 59. Kc6
h5 60. a7 h4 61. a8=Q h3 62. Qh8+ 1-0

[Event "Ann Arbor (MI Op/2)"]
[Site "?"]
[Date "1983.??.??"]
[Round "?"]
[White "Mason, D.."]
[Black "Kensek, R.."]
[Result "1/2-1/2"]
[WhiteElo "1880"]
[BlackElo "2195"]
[PlyCount "141"]
[EventDate "1983.??.??"]

1. d4 Nf6 2. c4 e6 3. g3 d5 4. Bg2 Be7 5. Nf3 O-O 6. O-O dxc4 7. Qc2 a6 8. Qxc4
b5 9. Qc2 Bb7 10. Bf4 Nc6 11. Nbd2 Rc8 12. Rac1 Nb4 13. Qb1 c5 14. dxc5 Rxc5
15. a3 Nbd5 16. Be5 Qa8 17. Rxc5 Bxc5 18. Rc1 Qa7 19. e3 Nxe3 20. Rxc5 Nxg2 21.
Bd4 Qa8 22. Bxf6 gxf6 23. Kxg2 Rd8 24. Qe1 Rxd2 25. Qxd2 Bxf3+ 26. Kg1 Kg7 27.
Rc3 Bh1 28. f4 Bd5 29. g4 a5 30. Rh3 Qc6 31. Qc3 Qb6+ 32. Qe3 Qc7 33. Qd2 Qc5+
34. Re3 Qc4 35. Rc3 Qe4 36. Kf2 Qg2+ 37. Ke1 Qg1+ 38. Ke2 Qxh2+ 39. Ke3 Qg3+
40. Kd4 Qxg4 41. Kc5 b4 42. axb4 Qg1+ 43. Re3 axb4 44. Kxb4 h5 45. Qc3 h4 46.
Kc5 Qf1 47. b4 Qxf4 48. b5 Qc7+ 49. Kb4 Qxc3+ 50. Rxc3 Kg6 51. b6 Bg2 52. Kc5
Kg5 53. Kd4 Kf4 54. Rc7 h3 55. b7 e5+ 56. Kc5 Bxb7 57. Rxb7 h2 58. Rb1 f5 59.
Kd5 e4 60. Kd4 Kf3 61. Rb3+ Kg2 62. Rb2+ Kg3 63. Rb3+ Kg4 64. Rb1 f4 65. Kxe4
f5+ 66. Kd3 Kg3 67. Rf1 f3 68. Kd2 f2 69. Ke2 f4 70. Rh1 Kg2 71. Rxh2+ 1/2-1/2

[Event "Southfield (MEX/2)"]
[Site "?"]
[Date "1983.??.??"]
[Round "?"]
[White "Martinovsky, E.."]
[Black "Mazuchowski, Tom"]
[Result "1/2-1/2"]
[WhiteElo "2345"]
[BlackElo "2190"]
[PlyCount "65"]
[EventDate "1983.??.??"]

1. d4 Nf6 2. c4 g6 3. Nc3 Bg7 4. e4 d6 5. h3 O-O 6. Bd3 c5 7. d5 e6 8. Nge2
exd5 9. cxd5 Re8 10. Bf4 a6 11. a4 Qe7 12. O-O Nbd7 13. a5 Nh5 14. Bh2 Ne5 15.
Bc2 g5 16. f4 gxf4 17. Nxf4 Nxf4 18. Bxf4 Ng6 19. Qh5 Bd4+ 20. Kh1 Nxf4 21.
Rxf4 Be5 22. Rh4 f6 23. Rf1 Rf8 24. Ne2 Rf7 25. b3 Bd7 26. Bd3 Rg7 27. Qf3 Kh8
28. Nf4 Rag8 29. Rh6 Rg3 30. Qh5 Bxf4 31. Rxf4 R8g5 32. Qd1 f5 33. Rfh4 1/2-1/2

[Event "Southfield (MEX/3)"]
[Site "?"]
[Date "1983.??.??"]
[Round "?"]
[White "Martinovsky, E.."]
[Black "Finegold, Ben"]
[Result "1-0"]
[WhiteElo "2360"]
[BlackElo "2070"]
[PlyCount "55"]
[EventDate "1983.??.??"]

1. e4 e6 2. d3 d5 3. Nd2 Nf6 4. g3 Bc5 5. Bg2 Nc6 6. Ngf3 b6 7. O-O Ba6 8. exd5
exd5 9. Re1+ Be7 10. a3 O-O 11. b4 Rb8 12. Rb1 Bc8 13. b5 Na5 14. Bb2 Bg4 15.
h3 Bh5 16. g4 Bg6 17. Ne5 Bc5 18. d4 Bd6 19. f4 h6 20. f5 Bh7 21. Qf3 c5 22.
bxc6 Qc7 23. c4 Nxc6 24. cxd5 Ne7 25. Rbc1 Qb7 26. Ndc4 Bxe5 27. dxe5 Nd7 28.
d6 1-0

[Event "East Detroit (MCO/6)"]
[Site "?"]
[Date "1983.??.??"]
[Round "?"]
[White "Martens, D.."]
[Black "Johnson, B.."]
[Result "0-1"]
[WhiteElo "1765"]
[BlackElo "1605"]
[PlyCount "64"]
[EventDate "1983.??.??"]

1. e4 c5 2. d4 cxd4 3. Qxd4 Nc6 4. Qa4 d6 5. Nc3 e6 6. Nf3 Bd7 7. Qb3 Na5 8.
Qb4 d5 9. Qd4 Nc6 10. Qe3 dxe4 11. Nxe4 Be7 12. Bd3 Nf6 13. Bd2 Nxe4 14. Qxe4
f5 15. Qe2 O-O 16. Bc4 Qc8 17. O-O Kh8 18. Bc3 Bf6 19. Ne5 Nxe5 20. Bb3 Ng6 21.
Bxf6 Rxf6 22. Rad1 Nf4 23. Qd2 Nh3+ 24. gxh3 Rg6+ 25. Kh1 Bc6+ 26. f3 Qc7 27.
Rf2 Qb6 28. Qd3 Bd5 29. Rfd2 Rd8 30. c4 Bxf3+ 31. Qxf3 Rxd2 32. Rc1 Qd6 0-1

[Event "East Detroit (MCO/2)"]
[Site "?"]
[Date "1983.??.??"]
[Round "?"]
[White "Martens, D.."]
[Black "Griffore, G.."]
[Result "0-1"]
[WhiteElo "1765"]
[BlackElo "1605"]
[PlyCount "66"]
[EventDate "1983.??.??"]

1. e4 c5 2. d4 cxd4 3. Qxd4 Nc6 4. Qa4 d6 5. Nc3 Bd7 6. Nf3 Nf6 7. Bc4 e6 8.
Bg5 Be7 9. O-O-O a6 10. Bxf6 gxf6 11. Be2 b5 12. Qb3 Na5 13. Qb4 Nc6 14. Qb3
Na5 15. Qa3 d5 16. b4 Nc4 17. Bxc4 dxc4 18. Rd2 Qb6 19. Rhd1 Ra7 20. Qb2 a5 21.
a3 axb4 22. axb4 Bc6 23. Nd4 O-O 24. Nxc6 Qxc6 25. f4 Rfa8 26. e5 fxe5 27. fxe5
Bg5 28. Nb1 Qxg2 29. Qd4 Bxd2+ 30. Rxd2 Qh1+ 31. Rd1 Qxh2 32. Rg1+ Kh8 33. Qe4
Qxg1+ 0-1